000 01657nad a22003015a 4500
008 231026s2023 at fo 000 0 eng d
020 _a9781783215027
035 _a(Sirsi) u159435
041 0 _aeng
110 2 _aRoyal Institution of Chartered Surveyors
_94900
245 0 0 _aMake Good Australia
_h[electronic resource]
250 _a3rd ed.
260 _aLondon,
_bRICS,
_cOctober 2023
300 _a42p.
490 0 _aRICS Practice Information
520 _aThis document has been written for property professionals involved in make-good works in Australia (known as dilapidations in the UK). It deals primarily with commercial and industrial premises and provides advice to lessors and lessees regarding their legal obligations to repair, decorate or reinstate leased premises. Sample checklists and schedule templates have been provided in the appendices, including a Recommended form of the Scott schedule (Appendix E) which can be downloaded as a Word document.
520 _aSupersedes 2nd edition ISBN 9781783211951
521 _aAdvanced
650 2 4 _aDILAPIDATIONS
650 2 4 _aLEASE OBLIGATIONS
650 2 4 _aREINSTATEMENT
651 4 _aAustralia
690 _aLandlord and tenant
_96252
690 _aCommercial property
_96227
856 4 0 _uhttps://www.rics.org/profession-standards/rics-standards-and-guidance/sector-standards/building-surveying-standards/make-good-australia-3rd-edition-october-2023
_zAvailable on RICS.org
856 4 0 _uhttps://www.rics.org/content/dam/ricsglobal/documents/standards/appendix-e-recommended-form-of-scott-schedule.docx
_zWord format of Appendix E Scott Schedule
942 _n0
_2ddc
999 _c121686
_d121686